1887 1491 1110 1579 1918 1077 1492 1045 1020 1449 1385 1477 1608 1482 1251 1465 1651 1732 1809 1262 1369 1633 1128 1887 1622 1726 1709 1679 1046 1162 1193 1435 1583 1606 1477 1118 1207 1708 1430 1485 1929 1059 1413 1956 1899 1758 1744 1937 1358 1719 1410 1681 1589 1954 1983 1070 1649 1550 1869 1522 1622 1860 1472 1693 1338 1665 1249 1366 1735 1856 1758 1630 1055 1468 1685 1691 1269 1673 1346 1571 1779 1433 1583 1866 1118 1035 1647 1282 1846 1627 1741 1838 1869 1752 1878 1901 1560 1685 1132 BCNSPRNW ULIB Ver.6.0+V

เปลี่ยนเป็นภาษาไทย

Change to English
 แสดงรายละเอียดบรรณานุกรม
  กลับหน้าหลัก

Brief Record : Get Marc (ISO 2709) : E-mail record : QR code < ปิดหน้าต่าง
LEADER : 00000nam 2200000uu 4500
001    13399111980
003     ULIB
008    110627s2552||||th 000 0 tha d
020    9786110600132
090    นว.^bจ686พ 2552
100 0  เจ ที เอม
245 00 พันธสัญญาปริศนาของหัวใจ/^cเจ ที เอม
250    พิมพ์ครั้งที่ 1
260    กรุงเทพฯ :^bแจ่มใส,^c2552
300    216 หน้า
710 1  แจ่มใส
945    ^p159^l0^i026029
995    ทศพร
999 ^a ใช้งานได้ทุกระบบ
รายการนี้ยังไม่มีแท็ก
คุณยังไม่ได้ล็อกอิน คุณสามารถมีกิจกรรมร่วมกับเว็บไซต์ได้ แต่ต้องล็อกอินก่อน ::
  ล็อกอิน

รายการสื่อสารสนเทศ

ลำดับที่ ประเภท เลขเรียก/บาร์โค้ด สถานที่ สถานะ
- ไม่พบข้อมูล -

BibComment


ยังไม่เคยถูกคอมเมนท์

คอมเมนท์ทรัพยากรรายการนี้
  คอมเมนท์: พันธสัญญาปริศนาขอ..


 Copyright 2026. Bcnsprnw @Library